Clá a colná politika v globálnom kontexte

Zahraničnoobchodná politika štátu patrí ku kľúčovým makroekonomickým politikám. Jej nástroje umožňujú a prispievajú k dosahovaniu makroekonomických cieľov, medzi ktoré patrí: plná zamestnanosť, udržateľná inflácia, ekonomický rast a priaznivá obchodná bilancia.

Salvato in:
Dettagli Bibliografici
Autore principale: Petrovčiková, Katarína, 1977-
Natura: Capitolo di libro
Lingua:slovacco
Soggetti:
Tags: Aggiungi Tag
Nessun Tag, puoi essere il primo ad aggiungerne!!

MARC

LEADER 00000naa$a2200000$$$4500
001 0313684
005 20251219080518.0
041 0 |a slo 
044 |a SK 
245 1 0 |a Clá a colná politika v globálnom kontexte  |c Katarína Petrovčiková 
520 |a Zahraničnoobchodná politika štátu patrí ku kľúčovým makroekonomickým politikám. Jej nástroje umožňujú a prispievajú k dosahovaniu makroekonomických cieľov, medzi ktoré patrí: plná zamestnanosť, udržateľná inflácia, ekonomický rast a priaznivá obchodná bilancia. 
610 2 0 |a colníctvo 
610 2 0 |a predpisy colné 
610 2 0 |a globalizácia 
610 2 0 |a obchod zahraničný 
610 2 0 |a makroekonomika 
100 1 |a Petrovčiková, Katarína, 1977-